Central Library OPAC University of Rajshahi

The accountability and audit of governments : (Record no. 7457)

MARC details
000 -LEADER
fixed length control field 00760cam a2200253u 4500
001 - CONTROL NUMBER
control field 7457
003 - CONTROL NUMBER IDENTIFIER
rucl marc code BD-RjUL
005 - DATE AND TIME OF LATEST TRANSACTION
control field 20211208234421.0
008 - FIXED-LENGTH DATA ELEMENTS--GENERAL INFORMATION
fixed length control field 140115s1966 nyu 000 0 eng
035 ## - SYSTEM CONTROL NUMBER
System control number (BD-RjUL)7500
040 ## - CATALOGING SOURCE
Original cataloging agency DLC
Transcribing agency CarP
Modifying agency DLC
-- BD-RjUL
Language of cataloging eng
041 ## - LANGUAGE CODE
Language code of text/sound track or separate title eng
082 04 - DEWEY DECIMAL CLASSIFICATION NUMBER
Classification number 300
Author mark and year NOA 1966
100 1# - MAIN ENTRY--PERSONAL NAME
Personal name Normanton, E. L. [from old catalog]
9 (RLIN) 23294
245 14 - TITLE STATEMENT
Title The accountability and audit of governments :
Remainder of title A comparative study /
Statement of responsibility, etc. E. L. Normanton.
260 ## - PUBLICATION, DISTRIBUTION, ETC. (IMPRINT)
Place of publication, distribution, etc. New York :
Name of publisher, distributor, etc. Praeger,
Date of publication, distribution, etc. [1966]
300 ## - PHYSICAL DESCRIPTION
Pagination XV, 452 p. ;
Size 23 cm
504 ## - BIBLIOGRAPHY, ETC. NOTE
Bibliography, etc Includes index.
650 #0 - SUBJECT ADDED ENTRY--TOPICAL TERM
Topical term or geographic name as entry element Auditing.
9 (RLIN) 23295
Topical term or geographic name as entry element Finance, Public
General subdivision Accounting. [from old catalog]
9 (RLIN) 23296
942 ## - ADDED ENTRY ELEMENTS (KOHA)
Source of classification or shelving scheme Dewey Decimal Classification
Koha item type Books
Holdings
Lost status Source of classification or shelving scheme Damaged status Not for loan Permanent Location Current Location Shelving location Date acquired Source of acquisition Cost, normal purchase price Total Checkouts Full call number Date last seen Copy number Koha item type Collection code
  Dewey Decimal Classification   Not For Loan Central Library, University of Rajshahi Central Library, University of Rajshahi   24/07/1968 Zeitlinger 50.00   300 NOA 1966 15/01/2014 C-1 Books  
  Dewey Decimal Classification     Central Library, University of Rajshahi Central Library, University of Rajshahi General Stacks 24/09/1968 Zeitlinger 50.00   300 NOA 1966 30/08/2022 C-2 Books Non-fiction